<?xml version="1.0" encoding="UTF-8"?><?xml-stylesheet type="text/xsl" href="static/style.xsl"?><OAI-PMH xmlns="http://www.openarchives.org/OAI/2.0/" xmlns:xsi="http://www.w3.org/2001/XMLSchema-instance" xsi:schemaLocation="http://www.openarchives.org/OAI/2.0/ http://www.openarchives.org/OAI/2.0/OAI-PMH.xsd"><responseDate>2026-04-17T01:24:03Z</responseDate><request verb="GetRecord" identifier="oai:www.recercat.cat:10230/48981" metadataPrefix="marc">https://recercat.cat/oai/request</request><GetRecord><record><header><identifier>oai:recercat.cat:10230/48981</identifier><datestamp>2025-12-20T16:49:34Z</datestamp><setSpec>com_2072_6</setSpec><setSpec>col_2072_452952</setSpec></header><metadata><record xmlns="http://www.loc.gov/MARC21/slim" xmlns:dcterms="http://purl.org/dc/terms/" xmlns:xsi="http://www.w3.org/2001/XMLSchema-instance" xmlns:doc="http://www.lyncode.com/xoai" xsi:schemaLocation="http://www.loc.gov/MARC21/slim http://www.loc.gov/standards/marcxml/schema/MARC21slim.xsd">
   <leader>00925njm 22002777a 4500</leader>
   <datafield ind2=" " ind1=" " tag="042">
      <subfield code="a">dc</subfield>
   </datafield>
   <datafield ind2=" " ind1=" " tag="720">
      <subfield code="a">Lopezosa, Carlos</subfield>
      <subfield code="e">author</subfield>
   </datafield>
   <datafield ind2=" " ind1=" " tag="720">
      <subfield code="a">Codina, Lluís</subfield>
      <subfield code="e">author</subfield>
   </datafield>
   <datafield ind2=" " ind1=" " tag="720">
      <subfield code="a">Freixa Font, Pere</subfield>
      <subfield code="e">author</subfield>
   </datafield>
   <datafield ind2=" " ind1=" " tag="260">
      <subfield code="c">2021-11-16T07:29:39Z</subfield>
   </datafield>
   <datafield ind2=" " ind1=" " tag="260">
      <subfield code="c">2021-11-16T07:29:39Z</subfield>
   </datafield>
   <datafield ind2=" " ind1=" " tag="260">
      <subfield code="c">2021</subfield>
   </datafield>
   <datafield ind2=" " ind1=" " tag="520">
      <subfield code="a">El Protocolo de Análisis de la eXperiencia de Búsqueda en CiberMedios (PAXBCM) tiene como objetivo proporcionar un procedimiento detallado y con las mejores condiciones de operatividad posibles para el análisis de la Search eXperience Optimization, o SXO en medios de comunicación digitales. Este sistema de análisis se basa en la identificación y  operacionalización de  los indicadores obtenidos previamente  gracias a una revisión sistematizada y un análisis comparativo. Después de una versión inicial de indicadores, de su aplicación a un conjunto de sitios web y de su posterior refinamiento se obtuvieron los indicadores que se presentan ahora. El PAXBCM puede actuar como un protocolo completo porque está compuesto por una parte conceptual, establece formalmente sus fundamentos, comprende una parte procedimental y presenta sus indicadores para la toma de datos mediante un sistema de fichas sistemáticas que asegura la plena operatividad de los mismos.</subfield>
   </datafield>
   <datafield ind2=" " ind1=" " tag="520">
      <subfield code="a">The Digital News Media eXperience Analysis Protocol (PAXBCM) aims to provide a detailed procedure and with highly refined operating conditions for the analysis of Search eXperience Optimization, or SXO in digital news media. This system of analysis is based on the identification and operationalization of the indicators which were obtained thanks to a systematic review and a comparative analysis. After the initial version of indicators, their application to a set of websites and their subsequent refinement, the indicators presented here were obtained. The PAXBCM can act as a complete protocol because it is composed of a conceptual part; it formally establishes its foundations; it includes a procedural part; and it presents its indicators for data collection through a system of systematic records that ensures their full operability</subfield>
   </datafield>
   <datafield tag="653" ind2=" " ind1=" ">
      <subfield code="a">Protocolo de análisis</subfield>
   </datafield>
   <datafield tag="653" ind2=" " ind1=" ">
      <subfield code="a">SEO</subfield>
   </datafield>
   <datafield tag="653" ind2=" " ind1=" ">
      <subfield code="a">UX</subfield>
   </datafield>
   <datafield tag="653" ind2=" " ind1=" ">
      <subfield code="a">Search Experience Optimization</subfield>
   </datafield>
   <datafield tag="653" ind2=" " ind1=" ">
      <subfield code="a">posicionamiento en buscadores</subfield>
   </datafield>
   <datafield tag="653" ind2=" " ind1=" ">
      <subfield code="a">periodismo digital</subfield>
   </datafield>
   <datafield tag="653" ind2=" " ind1=" ">
      <subfield code="a">cibermedios</subfield>
   </datafield>
   <datafield tag="653" ind2=" " ind1=" ">
      <subfield code="a">Protocol analysis</subfield>
   </datafield>
   <datafield tag="653" ind2=" " ind1=" ">
      <subfield code="a">Search Engine Optimization</subfield>
   </datafield>
   <datafield tag="653" ind2=" " ind1=" ">
      <subfield code="a">digital journalism</subfield>
   </datafield>
   <datafield tag="653" ind2=" " ind1=" ">
      <subfield code="a">digital news media</subfield>
   </datafield>
   <datafield ind2="0" ind1="0" tag="245">
      <subfield code="a">Protocolo de análisis para evaluar la experiencia de búsqueda en medios digitales</subfield>
   </datafield>
   <datafield ind2="0" ind1="0" tag="245">
      <subfield code="a">A Protocol for Analysis of the evaluation of the search experience in digital news media</subfield>
   </datafield>
</record></metadata></record></GetRecord></OAI-PMH>